000 00769nam a2200289 a 4500
999 _c8334
_d8334
001 8334
003 BD - JhCC
005 20180717094005.0
008 500101s1988 nyu 001 0 eng d
020 _a047185221X
035 _a(BD-JhCC)8334
040 _aBD-JhCC
_dBD-JhCC
041 _aeng
082 _bKAN 1988
_a530
100 1 _aKane, Joseph W.,
_d1938-
100 1 _aSternheim, Morton M.,
_d1933-
245 1 0 _aPhysics /
_cJoseph W. Kane, Morton M. Sternheim
250 _a3rd ed.
260 _aNew York ;
_aChichester :
_bWiley,
_c1988
300 _axix,843 p. ;
_c27 cm
500 _aIncludes answers and index
500 _aPrevious ed.: 1978, 1984
500 _aText on lining papers
650 0 _aPhysics
942 _2ddc
_cBK